| 000 | 01557nam0a22003731 4500 | ||
|---|---|---|---|
| 001 | v19\rc\1871923 | ||
| 005 | 20260406064142.0 | ||
| 035 | _a(NLR Aleph) 005264059 | ||
| 090 |
_a5930979 _c5930979 |
||
| 100 | _a20080221d1910 |||y0rusy50 ca | ||
| 101 | 1 |
_arus _cfre |
|
| 102 | _aRU | ||
| 105 | _ay z ||||| | ||
| 200 | 1 |
_aНеобдуманный поступок. [Найденыш] _fА. Додэ |
|
| 210 |
_aСанкт-Петербург _cМ.Н. Слепцова _d[1910] |
||
| 215 |
_a28 с. _d19 |
||
| 225 | 1 |
_aКнижка за книжкой _vКн. 153 |
|
| 300 | _aЗагл. ориг.: La belle Nivernaise | ||
| 300 | _aПер. также под загл.: Брошенный ребенок; Два отца; Найденыш; Прекрасная Нивернеза | ||
| 309 | _aБез тит. л. | ||
| 451 | 0 |
_12001#$aБрошенный ребенок _tБрошенный ребенок |
|
| 451 | 0 |
_12001#$aДва отца _tДва отца |
|
| 451 | 0 |
_12001#$aНайденыш _tНайденыш |
|
| 451 | 0 |
_12001#$aПрекрасная Нивернеза _tПрекрасная Нивернеза |
|
| 454 | 0 |
_12001#$aLa belle Nivernaise _tLa belle Nivernaise |
|
| 517 | 0 | _aНайденыш | |
| 700 | 1 |
_8rus _7ca _aДоде _bА. _f1840-1897 _gАльфонс _3RU\NLR\AUTH\7723718 _96771 |
|
| 801 | 2 |
_aRU _bNLR _c20090702 _2rusmarc |
|
| 801 | 0 |
_aRU _bNLR _c20080221 _gpsbo |
|
| 801 | 0 |
_aRU _bRuMoRGB _c20080221 _2psbo |
|
| 801 | 1 |
_aRU _bProSoft-M _c20080221 _2rusmarc |
|
| 852 |
_aNLR _j20.105.8.384(кн. 153) |
||
| 942 | _cBOOK | ||
| 980 | _aNB | ||